| 000 | 00504nam a22001577a 4500 | ||
|---|---|---|---|
| 020 | _a978-81-239-1550-0 | ||
| 082 |
_a629.136 _bSAX _cL-38, P-120 |
||
| 100 |
_aSaxena, Subhash C _950934 |
||
| 245 | _aAirport Engineering : Planning and Design | ||
| 260 |
_aNew Delhi, _bCBS Publihsers, _c2015. |
||
| 526 |
_a0 _b0 _c0 _d629_136000000000000_SAX |
||
| 526 |
_a0 _b0 _c0 _d629_136000000000000_SAX |
||
| 526 |
_a0 _b0 _c0 _d629_136000000000000_SAX |
||
| 526 |
_a0 _b0 _c0 _d629_136000000000000_SAX |
||
| 942 |
_2ddc _cBK |
||
| 999 |
_c553693 _d553693 |
||